THE DESIGN OF UNIX OPERATING SYSTEMS (Record no. 22454)
[ view plain ]
| 000 -LEADER | |
|---|---|
| fixed length control field | 00486cam a2200193ua 4500 |
| 008 - FIXED-LENGTH DATA ELEMENTS--GENERAL INFORMATION | |
| fixed length control field | 180307n2016 II |||gr||||Z||||||eng |
| 040 ## - CATALOGING SOURCE | |
| Original cataloging agency | MAIN |
| 041 ## - LANGUAGE CODE | |
| -- | English |
| 082 ## - DEWEY DECIMAL CLASSIFICATION NUMBER | |
| Classification number | 005.43 BAC |
| 100 ## - MAIN ENTRY--PERSONAL NAME | |
| Personal name | BACH, MAURICH J, |
| Relator term | AUTHOR. |
| 245 1# - TITLE STATEMENT | |
| Title | THE DESIGN OF UNIX OPERATING SYSTEMS |
| 250 ## - EDITION STATEMENT | |
| Edition statement | 2ND. |
| 260 ## - PUBLICATION, DISTRIBUTION, ETC. | |
| Place of publication, distribution, etc. | DELHI |
| Name of publisher, distributor, etc. | PEARSON EDUCATION |
| Date of publication, distribution, etc. | 2016 |
| 300 ## - PHYSICAL DESCRIPTION | |
| Extent | 471: |
| Dimensions | 21CM+ |
| Accompanying material | HB. |
| 500 ## - GENERAL NOTE | |
| General note | RUSA MDC GRANT 2014-2017 |
| 942 ## - ADDED ENTRY ELEMENTS (KOHA) | |
| Koha item type | Books |
| 653 ## - INDEX TERM--UNCONTROLLED | |
| Uncontrolled term | Operating Systems |
| Withdrawn status | Lost status | Damaged status | Not for loan | Collection code | Home library | Current library | Shelving location | Date acquired | Full call number | Barcode | Date last seen | Copy number | Price effective from | Koha item type |
|---|---|---|---|---|---|---|---|---|---|---|---|---|---|---|
| Reference book of Computer Science | Central Library and Information Centre Sibsagar Girls College | Central Library and Information Centre Sibsagar Girls College | COMPUTER SC BOOK RACK | 29.08.2017 | 005.43 BAC | 34919 | 27.02.2020 | 1 | 27.02.2020 | Books | ||||
| Reference book of Computer Science | Central Library and Information Centre Sibsagar Girls College | Central Library and Information Centre Sibsagar Girls College | COMPUTER SC BOOK RACK | 29.08.2017 | 005.43 BAC | 34920 | 27.02.2020 | 2 | 27.02.2020 | Books | ||||
| Reference book of Computer Science | Central Library and Information Centre Sibsagar Girls College | Central Library and Information Centre Sibsagar Girls College | COMPUTER SC BOOK RACK | 29.08.2017 | 005.43 BAC | 34921 | 27.02.2020 | 3 | 27.02.2020 | Books |